Menaces Chinoises Sur L'asie
Salvato in:
| Autore principale: | |
|---|---|
| Natura: | Libro |
| Lingua: | Undetermined |
| Pubblicazione: |
Paris
La Table Ronde
|
| Soggetti: | |
| Tags: |
Aggiungi Tag
Nessun Tag, puoi essere il primo ad aggiungerne! !
|
| Thư viện lưu trữ: | Trung tâm Học liệu Trường Đại học Cần Thơ |
|---|
| LEADER | 00447nam a2200169Ia 4500 | ||
|---|---|---|---|
| 001 | CTU_92147 | ||
| 008 | 210402s9999 xx 000 0 und d | ||
| 082 | |a 951.05 | ||
| 082 | |b L112 | ||
| 100 | |a Suzanne Labin | ||
| 245 | 0 | |a Menaces Chinoises Sur L'asie | |
| 245 | 0 | |c Suzanne Labin | |
| 260 | |a Paris | ||
| 260 | |b La Table Ronde | ||
| 650 | |a china relation asia | ||
| 904 | |i Hiếu | ||
| 980 | |a Trung tâm Học liệu Trường Đại học Cần Thơ | ||